Sports Quiz

Random Sports or Football Quiz

NCAA Bowl Game Cities Quiz Stats

 Plays Quiz Updated Feb 2, 2019

Score 0/40 Timer 07:00
3 Plays Today
# of Games City % Correct
64Miami
93%
106Dallas
92.8%
102New Orleans
87.2%
57Atlanta
87.1%
104Pasadena
85.2%
47Houston
84.7%
9New York City
83.2%
89Orlando
78.6%
8Phoenix
78%
53San Diego
77.5%
36Tampa
74.8%
21Nashville
72.4%
74Jacksonville
71.3%
12San Francisco
70.4%
26San Antonio
70.2%
22Detroit
69.3%
62Memphis
67.9%
17Charlotte
66.9%
27Las Vegas
62.9%
84El Paso
56.7%
# of Games City % Correct
22Boise
54.8%
27Birmingham
53%
39Honolulu
51%
46Tempe
48.9%
20Mobile
42.6%
14Fort Worth
40.1%
5Philadelphia
40.1%
13Albuquerque
38.6%
14Glendale
38%
15Tucson
35.4%
43Shreveport
34.9%
6San Jose
33.9%
11Anaheim
23.4%
5Montgomery
22.6%
11Annapolis
22%
11Fresno
19%
6Santa Clara
16.8%
5Nassau
12.7%
5Boca Raton
11%
21Miami Gardens
10.1%

You're not logged in!

Compare scores with friends on all Sporcle quizzes.
OR
Log In

You Might Also Like...

Show Comments

Extras

Top Quizzes Today


Score Distribution

Your Account Isn't Verified!

In order to create a playlist on Sporcle, you need to verify the email address you used during registration. Go to your Sporcle Settings to finish the process.

Report this User

Report this user for behavior that violates our Community Guidelines.

Details: